00285nam a2200121Ia 4500008004100000082001800041100002100059245001300080260003800093365000600131630001300137730001300150100415s9999 xx 000 0 und d b5867a595.796 aGoetsch Wilhelm aThe Ants aMICHIGANc1957bUNIV. OF MICHIGAN b0 aThe Ants aThe Ants